000 004690000a22001810004500
003 MACL
005 20160110115837.0
008 160110b xxu||||| |||| 00| 0 eng d
040 _aMACL
_cMACL
041 _aEnglish
082 _a825/JHA
100 _aJha, Dr Amaranatha
_930756
245 _aReport of the National Seminar
260 _bIndian Adult Education Association
_c1949
_aNew Delhi
350 _a8
650 _aSpeeches
_930757
942 _cBK
_k825/JHA
_2ddc
999 _c34680
_d34680